Classifica Marcatori Mondiali di Calcio 1990 - Statistics

Statistiche generali
  • Questo quiz è stato fatto 26 volte
  • Il punteggio medio è 6 su 10
Statistiche sulle risposte
Gol Nazione Calciatore % Corretto
6 Italia Salvatore Schillaci
100%
4 Germania Ovest Lothar Matthäus
88%
3 Germania Ovest Jürgen Klinsmann
75%
4 Inghilterra Gary Lineker
71%
4 Camerun Roger Milla
67%
3 Germania Ovest Andreas Brehme
54%
3 Germania Ovest Rudi Völler
50%
3 Inghilterra David Platt
29%
5 Cecoslovacchia Tomáš Skuhravý
25%
4 Spagna Míchel
13%
Nessun quiz corrispondente trovato
Distribuzione punteggi
Percentuale di utenti per punteggio
Percentile per numero di risposta
I tuoi punteggi nel tempo
Non hai fatto questo quiz